00417nam a2200145Ia 4500003000900000008004100009020001800050040001600068080001600084100001900100245008400119260004000203300001500243650001300258IN-BaIIA211028s9999 xx 000 0 eng d a81-7371-118-6 cIIA Library a515.12bPRA aPrasolov, V. V 0aIntuitive TopologycV. V. Prasolov  aHyderabadbUniversities Pressc1995 aviii, 95p. atopology